000 00610nam a2200253Ia 4500
008 210210b2009 xxu||||| |||| 00| 0 eng d
020 _a0198063121
041 _aeng
082 _a954.8 KARA
100 _aKARASHIMA (NOBORU)
245 _aAncient to medieval: south Indian society in transition
260 _aNew Delhi
_bOxford University Press
_c2009
300 _axix,301
650 _atransition
650 _ato
650 _asouth
650 _asociety
650 _amedieval:
650 _aIndian
650 _ain
650 _aAncient
690 _aIndian History
906 _a064484
999 _c141448
_d141448